What is translation?: an act of love and hospitality
| Main Author: | |
|---|---|
| Format: | Print Article |
| Language: | English |
| Check availability: | HBZ Gateway |
| Interlibrary Loan: | Interlibrary Loan for the Fachinformationsdienste (Specialized Information Services in Germany) |
| Published: |
2011
|
| In: |
Word & world
Year: 2011, Volume: 31, Issue: 3, Pages: 332, 334 |
| Standardized Subjects / Keyword chains: | B
Translation
/ Theory
B Translation / Problem |
| RelBib Classification: | HA Bible VB Hermeneutics; Philosophy |
| Further subjects: | B
Translation
B Bible |
| Parallel Edition: | Electronic
|
MARC
| LEADER | 00000caa a22000002c 4500 | ||
|---|---|---|---|
| 001 | 1646565134 | ||
| 003 | DE-627 | ||
| 005 | 20230703204745.0 | ||
| 007 | tu | ||
| 008 | 160405s2011 xx ||||| 00| ||eng c | ||
| 035 | |a (DE-627)1646565134 | ||
| 035 | |a (DE-576)467317178 | ||
| 035 | |a (DE-599)BSZ467317178 | ||
| 040 | |a DE-627 |b ger |c DE-627 |e rakwb | ||
| 041 | |a eng | ||
| 084 | |a 1 |2 ssgn | ||
| 100 | 1 | |0 (DE-588)1033886262 |0 (DE-627)742734757 |0 (DE-576)381559580 |4 aut |a Myers, Jacob D. | |
| 109 | |a Myers, Jacob D. | ||
| 245 | 1 | 0 | |a What is translation? |b an act of love and hospitality |
| 264 | 1 | |c 2011 | |
| 336 | |a Text |b txt |2 rdacontent | ||
| 337 | |a ohne Hilfsmittel zu benutzen |b n |2 rdamedia | ||
| 338 | |a Band |b nc |2 rdacarrier | ||
| 601 | |a Translation | ||
| 630 | 0 | 7 | |0 (DE-588)4006406-2 |0 (DE-627)106377604 |0 (DE-576)208865497 |a Bibel |2 gnd |
| 650 | 0 | 7 | |0 (DE-588)4061418-9 |0 (DE-627)104221534 |0 (DE-576)209139684 |a Übersetzung |2 gnd |
| 652 | |a HA:VB | ||
| 689 | 0 | 0 | |d s |0 (DE-588)4061418-9 |0 (DE-627)104221534 |0 (DE-576)209139684 |2 gnd |a Übersetzung |
| 689 | 0 | 1 | |d s |0 (DE-588)4059787-8 |0 (DE-627)106142275 |0 (DE-576)209132256 |2 gnd |a Theorie |
| 689 | 0 | |5 (DE-627) | |
| 689 | 1 | 0 | |d s |0 (DE-588)4061418-9 |0 (DE-627)104221534 |0 (DE-576)209139684 |2 gnd |a Übersetzung |
| 689 | 1 | 1 | |d s |0 (DE-588)4175771-3 |0 (DE-627)105361577 |0 (DE-576)209966009 |2 gnd |a Problem |
| 689 | 1 | |5 (DE-627) | |
| 773 | 0 | 8 | |i In |t Word & world |d St. Paul, Minn. : Seminaries, 1981 |g 31(2011), 3, Seite 332, 334 |w (DE-627)166798150 |w (DE-600)307788-3 |w (DE-576)015243044 |x 0275-5270 |7 nnas |
| 773 | 1 | 8 | |g volume:31 |g year:2011 |g number:3 |g pages:332, 334 |
| 776 | |i Erscheint auch als |n elektronische Ausgabe |w (DE-627)192529997X |k Electronic | ||
| 889 | |w (DE-576)519705610 | ||
| 889 | |w (DE-627)1650534248 | ||
| 935 | |a mteo |a BIIN | ||
| 951 | |a AR | ||
| BIB | |a 1 | ||
| ELC | |b 1 | ||
| ITA | |a 1 |t 1 | ||
| LOK | |0 000 xxxxxcx a22 zn 4500 | ||
| LOK | |0 001 3319267647 | ||
| LOK | |0 003 DE-627 | ||
| LOK | |0 004 1646565134 | ||
| LOK | |0 005 20160405155646 | ||
| LOK | |0 008 160404||||||||||||||||ger||||||| | ||
| LOK | |0 040 |a DE-Tue135 |c DE-627 |d DE-Tue135 | ||
| LOK | |0 092 |o n | ||
| LOK | |0 852 |a DE-Tue135 | ||
| LOK | |0 852 1 |9 00 | ||
| LOK | |0 935 |a ixzs |a ixmi | ||
| LOK | |0 936ln |0 144205381X |a VB | ||
| LOK | |0 939 |a 04-04-16 |b l01 | ||
| LOK | |0 000 xxxxxcx a22 zn 4500 | ||
| LOK | |0 001 3337254829 | ||
| LOK | |0 003 DE-627 | ||
| LOK | |0 004 1646565134 | ||
| LOK | |0 005 20230703204745 | ||
| LOK | |0 008 190311||||||||||||||||ger||||||| | ||
| LOK | |0 035 |a (DE-Tue135-1)208510 | ||
| LOK | |0 040 |a DE-Tue135-1 |c DE-627 |d DE-Tue135-1 | ||
| LOK | |0 852 |a DE-Tue135-1 | ||
| LOK | |0 852 1 |c 21/ZA5599/31/MSJ |m p |9 00 | ||
| LOK | |0 852 2 |b UB-Tü |9 00 | ||
| LOK | |0 935 |a iZSA | ||
| LOK | |0 936ln |0 144204408X |a HA | ||
| LOK | |0 938 |k p | ||
| LOK | |0 939 |a 11-03-19 |b l12 | ||
| ORI | |a SA-MARC-ixtheoa001.raw | ||
| REF | |a Bibelübersetzung,Übersetzungstheorie | ||
| REL | |a 1 | ||
| STA | 0 | 0 | |a Bible,Problem,Theory,Translation,Translations |
| STB | 0 | 0 | |a Problème,Théorie,Traduction,Traductions |
| STC | 0 | 0 | |a Problema,Teoría,Traducción |
| STD | 0 | 0 | |a Problema,Teoria,Traduzione |
| STE | 0 | 0 | |a 理论,翻译 |
| STF | 0 | 0 | |a 理論,翻譯,问题 |
| STG | 0 | 0 | |a Problema,Teoria,Tradução |
| STH | 0 | 0 | |a Перевод (лингвистика),Проблема,Теория |
| STI | 0 | 0 | |a Θεωρία,Μετάφραση,Πρόβλημα |
| SUB | |a BIB |a REL | ||
| SYD | 0 | 0 | |a Bible for Today's Family,Contemporary English version bible,CEV,New International Reader's,NIrV,NIV,N.I.V.,New International Version Bible,English Standard Version,ESV,ESV Bible,Holy Bible, English Standard Version,Schlachter-Bibel,Schlachterbibel,Bibel,Handschrift,Arras,Bibliothèque Municipale,Ms. 559,Saint-Vaast Bible,Vatopediu,Athos, Bibliothek,Cod. 1582,Bibbia di Ripoll,Ripoll Bibel,La bible nouvellement translatée avec annotations,Bibel,Althochdeutsch,Glosse,Basel,Universitätsbibliothek,Cod. N I 3 Nr. 97a,Bibelglossatur M,Basel,Universitätsbibliothek,Cod. N I 3 Nr. 97a,Bibel,Handschrift,Breslau,Universitätsbibliothek,Ms. M 1106,Bibel,Bibel,Bibel,Bibel,Bibel,Bibel,Bibel in gerechter Sprache,Itala,Bibel,Bibel,Bibel,Bibel,King James Version,Authorized Version,Authorised Version,KJV,KJB,King James Bible,King-James-Bibel,Zwingli-Bibel,Zwinglibibel,Zürcher Bibelübersetzung,Bibel,Neues Testament,Lutherbibel,Luther-Bibel,Biblia, das ist, die gantze heilige Schrifft Deudsch,Zürcher Bibel,Einheitsübersetzung,Einheitsübersetzung der Heiligen Schrift,Biblia,Heilige Schrift,Bible,Die Bibel,Die Heilige Schrift,La Sainte Bible,La Soncha Scrittüra,Biblia Sacra,La Bible,The Holy Bible,Sveto pismo Staroga i Novoga zaveta,Biblia święta,Biblí svatá,Biblija,La Sacra Bibbia,La Santa Biblia,Die Heiligen Schriften des Alten und Neuen Bundes,Die Heiligen Schriften,Die gantze Heilige Schrifft Deudsch,Die ganze Heilige Schrifft,Kitāb-i muqaddas,al- Kitab al-muqaddas,Seisho,Müqäddäs kitab,Beibel,Bībele |
| SYE | 0 | 0 | |a Sprachübersetzung,Translation,Textübersetzung,Übersetzen,Übertragung,Sprachmitteln,Sprachmittlung |
| SYG | 0 | 0 | |a Sprachübersetzung,Translation,Textübersetzung,Übersetzen,Übertragung,Sprachmitteln,Sprachmittlung , Theorien,Theorien , Sprachübersetzung,Translation,Textübersetzung,Übersetzen,Übertragung,Sprachmitteln,Sprachmittlung , Problematik,Problemstellung,Problemfall |



